Die Königsherrschaft Jesu Christi bei Luther /

Hlavní autor: Forck, Gottfried, 1923-1996
Další autoři: Lohse, Bernhard, 1928-1997
Jazyk: Němčina
Vydáno: Berlin : Evangelische Verlagsanstalt, 1988
Vydání: 2. erweiterte Auflage
Témata:
Fyzický popis: 166 stran
Knihy
Uloženo v:
LEADER 01855nam a22004812i 4500
001 001514169
003 CZ BrMZK
005 20160307131615.0
007 ta
008 160302s1988 gw fr||||||||||dger d
040 |a BOA001  |b cze  |e rda 
043 |a e-gx--- 
045 |a s-t- 
072 7 |a 27-1/-2  |x Křesťanská teologie. Dogmatická teologie  |2 Konspekt  |9 5 
080 |a 274/278-1  |2 MRF 
080 |a 27-31  |2 MRF 
080 |a 274.5-1/-9  |2 MRF 
080 |a 27-1-051  |2 MRF 
080 |a 27-337  |2 MRF 
080 |a (430)  |2 MRF 
080 |a (048.8)  |2 MRF 
100 1 |a Forck, Gottfried,  |d 1923-1996  |7 mzk2016904975  |4 aut 
245 1 4 |a Die Königsherrschaft Jesu Christi bei Luther /  |c Gottfried Forck ; mit einem Beitrag von Bernhard Lohse 
250 |a 2. erweiterte Auflage 
264 1 |a Berlin :  |b Evangelische Verlagsanstalt,  |c 1988 
300 |a 166 stran 
336 |a text  |b txt  |2 rdacontent 
337 |a bez média  |b n  |2 rdamedia 
338 |a svazek  |b nc  |2 rdacarrier 
600 1 7 |a Luther, Martin,  |d 1483-1546  |7 jn19990005235  |2 czenas 
600 0 7 |a Ježíš Kristus  |7 ola2002103454  |2 czenas 
648 7 |a 15.-16. století  |7 ch757034  |2 czenas 
650 0 7 |a protestantská teologie  |7 ph124664  |z Německo  |y 15.-16. století  |2 czenas 
650 0 7 |a christologie  |7 ph115015  |z Německo  |y 15.-16. století  |2 czenas 
650 0 7 |a luterské učení  |7 ph203891  |z Německo  |y 15.-16. století  |2 czenas 
650 0 7 |a křesťanští teologové  |7 ph122148  |z Německo  |y 15.-16. století  |2 czenas 
650 0 7 |a křesťanští reformátoři  |7 ph122146  |z Německo  |y 15.-16. století  |2 czenas 
655 7 |a monografie  |7 fd132842  |2 czenas 
700 1 |a Lohse, Bernhard,  |d 1928-1997  |7 skuk0003792  |4 wfw 
910 |a BOA001  |b M2-1362.321 
990 |a BK 
991 |b 201603  |c NOV 
996 7 |b 2610661521  |c M2-1362.321  |l MZK  |r Sklad / do 24 hodin  |n 0  |p dar  |w 001549458  |u 000010  |a 1  |e BOA001  |j MZK50  |s A